000
00293nam a22001217a 4500
008
171129b xxu||||| |||| 00| 0 eng d
041
_a
eng
080
_a
038
100
_a
23
101
_a
FJA
245
_a
THE READER'S DIGEST GREAT ENCYCLOPEDIC DICTIONARY
_c
MARCKWARDT,A.H
942
_2
udc
_c
BK
999
_c
38613
_d
38613